000 00470nam a2200181Ia 4500
008 090630s9999 xx 000 0 und d
082 _b14568
100 _aओशो.
245 _aसाधना पथ.
_cओशो.
260 _bरेबल - पुणे.
_c1996
300 _a388
600 _aओशो.
630 _aसाधना पथ.
655 _aहिंदी.
700 _aओशो.
730 _aसाधना पथ.
942 _cBOOK
999 _c266424
_d266424